Germany in Eurovision since 2000 Quiz Stats

Quiz not verified by Sporcle

Challenge
Share
Tweet
Embed
Score 0/18 Timer 10:00
0 Plays Today
Year Artist % Correct
2010Lena
97.9%
2011Lena
97.9%
2013Cascada
85.1%
2015Ann Sophie
83%
2017Levina
80.9%
2016Jamie-Lee
74.5%
2012Roman Lob
68.1%
2000Stefan Raab
61.7%
2014Elaiza
61.7%
Year Artist % Correct
2008No Angels
59.6%
2006Texas Lightning
46.8%
2007Roger Cicero
44.7%
2003Lou
38.3%
2005Gracia
36.2%
2001Michelle
31.9%
2009Alex Swings Oscar Sings!
29.8%
2002Corinna May
27.7%
2004Max Mutzke
17%

You're not logged in!

Compare scores with friends on all Sporcle quizzes.
Join for Free
OR
Log In

You Might Also Like...

Show Comments

Extras

Top Quizzes Today


Score Distribution

Your Account Isn't Verified!

In order to create a playlist on Sporcle, you need to verify the email address you used during registration. Go to your Sporcle Settings to finish the process.

Report this User

Report this user for behavior that violates our Community Guidelines.

Details: